000
00311nam a22001337a 4500
008
181008b xxu||||| |||| 00| 0 eng d
020
_a
9781111543273
041
_a
eng
080
_a
610
100
_a
4
101
_a
SHM
245
_a
Medical Terminology for Health Professions
_c
Ehrlich,A
942
_2
udc
_c
BK
999
_c
49021
_d
49021